International tourism : (Record no. 124635)

MARC details
000 -LEADER
fixed length control field 00744nam a22002297a 4500
005 - DATE AND TIME OF LATEST TRANSACTION
control field 20170124105942.0
010 ## - LIBRARY OF CONGRESS CONTROL NUMBER
LC control number B-019331
020 ## - INTERNATIONAL STANDARD BOOK NUMBER
Terms of availability 00.00
International Standard Book Number 8173913633
035 ## - SYSTEM CONTROL NUMBER
System control number B-019331
037 ## - SOURCE OF ACQUISITION
Source of stock number/acquisition Cen Lib/Ret
040 ## - CATALOGING SOURCE
Original cataloging agency DPL
Language of cataloging EN
082 ## - DEWEY DECIMAL CLASSIFICATION NUMBER
Classification number 338.4791
Item number INT
245 ## - TITLE STATEMENT
Title International tourism :
Statement of responsibility, etc edited by Prem Nath Dhar
Remainder of title emerging challenges and future prospects /
260 ## - PUBLICATION, DISTRIBUTION, ETC. (IMPRINT)
Place of publication, distribution, etc New Delhi
Name of publisher, distributor, etc Kanishka Publishers
Date of publication, distribution, etc 2000
270 ## - ADDRESS
Address 4697/ 5-21 A, Ansari Road, Daryaganj
City New Delhi
Postal code 110002
300 ## - PHYSICAL DESCRIPTION
Extent v,326p.
Dimensions 22cmHb)
500 ## - GENERAL NOTE
General note Includes index
650 ## - SUBJECT ADDED ENTRY--TOPICAL TERM
Topical term or geographic name as entry element Heritage tourism
9 (RLIN) 40580
650 ## - SUBJECT ADDED ENTRY--TOPICAL TERM
Topical term or geographic name as entry element Culture and tourism
9 (RLIN) 40384
700 ## - ADDED ENTRY--PERSONAL NAME
Personal name Dhar, Prem Nath
9 (RLIN) 11445
942 ## - ADDED ENTRY ELEMENTS (KOHA)
Source of classification or shelving scheme Dewey Decimal Classification
Koha item type English Books
Classification part 338.4791
Call number suffix INT
Holdings
Withdrawn status Lost status Damaged status Not for loan Home library Current library Date acquired Source of acquisition Cost, normal purchase price Total Checkouts Full call number Barcode Date last seen Copy number Cost, replacement price Price effective from Koha item type
        Central Library Central Library 17/06/2015 Cen Lib/Ret 0.00   338.4791 INT B-019331 17/06/2015 1 0.00 17/06/2015 English Books

© Delhi Public Library
Hit Counter
free hit counter